000
00386nam a22001697a 4500
003
MPLRDC
005
20220104143133.0
008
210129b ||||| |||| 00| 0 eng d
082
_a
859.6 SGET v.8*
100
_a
不详
245
_a
古屋奇遇
_c
260
_a
_b
曙光出版社
_c
300
_b
平
490
_a
曙光儿童丛书
650
_a
942
_c
BK
_o
859.6 SGET v.8*
999
_c
36990
_d
36980